000 00702nam a22002057a 4500
005 20251108164336.0
008 250721s1998 xx 000 0 ara d
082 1 4 _a346.0482/عرف
100 1 _aعرفه، السيد عبد الوهاب
245 1 0 _aقانون الحماية حق الؤلف رقم 354/1954 و تعديلاته ... /
264 1 _aالاسكندرية :
_bمكتبة الاشعاع الفنيه،
_c1998.
300 _a192ص
650 1 7 _aحقوق النشر
650 1 7 _aالحماية القانونية
650 1 7 _aالجوائز
650 1 7 _aالإتفاقيات الدولية
650 1 7 _aحق الملكية الفكرية
942 _2ddc
_cBK
999 _c9782
_d9782